Thermodynamics (Record no. 7801)

000 -LEADER
fixed length control field 00495nam a22002057a 4500
001 - CONTROL NUMBER
control field 7801
003 - CONTROL NUMBER IDENTIFIER
control field BD-DhUET
008 - FIXED-LENGTH DATA ELEMENTS--GENERAL INFORMATION
fixed length control field 141212b xxu||||| |||| 00| 0 eng d
040 ## - CATALOGING SOURCE
Transcribing agency 0
Modifying agency BD-DhUET
082 ## - DEWEY DECIMAL CLASSIFICATION NUMBER
Classification number 621.01
Item number OBE/1963
100 ## - MAIN ENTRY--PERSONAL NAME
Personal name Obert, Edward F.
245 ## - TITLE STATEMENT
Title Thermodynamics
250 ## - EDITION STATEMENT
Edition statement 2nd ed.
260 ## - PUBLICATION, DISTRIBUTION, ETC. (IMPRINT)
Place of publication, distribution, etc. New York
Name of publisher, distributor, etc. McGraw-Hill Book
Date of publication, distribution, etc. 1963
300 ## - PHYSICAL DESCRIPTION
Extent xxi,596p.
504 ## - BIBLIOGRAPHY, ETC. NOTE
Bibliography, etc Includes bibliographies
650 #0 - SUBJECT ADDED ENTRY--TOPICAL TERM
Topical term or geographic name as entry element Thermodynamics
700 ## - ADDED ENTRY--PERSONAL NAME
Personal name Gaggioli, Richard A.
942 ## - ADDED ENTRY ELEMENTS (KOHA)
Koha item type General Book
Holdings
Date acquired Withdrawn status Copy number Not for loan Source of classification or shelving scheme Koha date last seen Koha normalized classification for sorting Shelving location Lost status Price effective from Koha item type Location (home branch) Damaged status Piece designation (barcode) Koha full call number Sublocation or collection (holding branch)
2014-12-12 1  2014-12-12621_010000000000000_OBE_1963Circulation section 2014-12-12General BookCentral Library, BUET 6402621.01/OBE/1963Central Library, BUET
2014-12-12 2  2014-12-12621_010000000000000_OBE_1963Circulation section 2014-12-12General BookCentral Library, BUET 6403621.01/OBE/1963Central Library, BUET
2014-12-12 3  2014-12-12621_010000000000000_OBE_1963Circulation section 2014-12-12General BookCentral Library, BUET 15731621.01/OBE/1963Central Library, BUET
2014-12-12 4  2014-12-12621_010000000000000_OBE_1963Circulation section 2014-12-12General BookCentral Library, BUET 18703621.01/OBE/1963Central Library, BUET
2014-12-12 5  2014-12-12621_010000000000000_OBE_1963Circulation section 2014-12-12General BookCentral Library, BUET 18706621.01/OBE/1963Central Library, BUET
2014-12-12 6  2014-12-12621_010000000000000_OBE_1963Circulation section 2014-12-12General BookCentral Library, BUET 18708621.01/OBE/1963Central Library, BUET
2014-12-12 7  2014-12-12621_010000000000000_OBE_1963Circulation section 2014-12-12General BookCentral Library, BUET 18705621.01/OBE/1963Central Library, BUET
2014-12-12 8  2014-12-12621_010000000000000_OBE_1963Circulation section 2014-12-12General BookCentral Library, BUET 18702621.01/OBE/1963Central Library, BUET
2015-04-12 9  2015-04-12621_010000000000000_OBE_1963Circulation section 2015-04-12General BookCentral Library, BUET 18707621.01/OBE/1963Central Library, BUET